000 00496nam a2200193Ia 4500
003 GCL
008 140319s9999 xx 000 0 eng d
040 _aGCL /
_cGCL
082 0 4 _a952
_bN K
100 1 _aNAKANE, KINSAKU
245 1 0 _aKYOTO GARDENS /
_cNAKANE, KINSAKU
700 1 _aHICHKMAN, MONEY L. (TRANSLATED)
700 1 _aMINOBE, KAICHI (TRANSLATED)
260 _a[S.N] :
_bHOIKUSHA ،
_c1992
300 _a123 P
650 0 4 _aJAPAN
650 0 4 _aGARDENS - JAPAN
942 _2ddc
_cBK
999 _c19670
_d19670